Statistics for Virginia Independent Cities - With Hints

Click here to take the quiz!

General Stats

  • This quiz has been taken 11 times
  • The average score is 24 of 38

Answer Stats

HintAnswer% Correct
Thomas Jefferson and James Monroe both lived hereCharlottesville
100%
Site and namesake of the first major Civil War battleManassas
100%
Home to the largest naval base in the worldNorfolk
100%
The state capitalRichmond
100%
Home to many retirees; popular vacation destinationVirginia Beach
100%
Second colonial capital of VirginiaWilliamsburg
100%
Home to Liberty UniversityLynchburg
90%
Named for an English captainNewport News
90%
Largest city in Virginia west of #4Roanoke
90%
Contains part of the Great Dismal SwampChesapeake
80%
Home to the oldest Anglican parish in the countryHampton
80%
Site of a famous Civil War siegePetersburg
80%
Named after an English "port" cityPortsmouth
80%
Shares its name with an ancient Macedonian conquerorAlexandria
70%
The last capital of the Confederate States of AmericaDanville
70%
Shares its name with the county surrounding itFairfax
70%
Home to James Madison UniversityHarrisonburg
70%
Planter's Peanuts was established here in 1912Suffolk
70%
Namesake of a famous firearms manufacturerWinchester
70%
Called "The Birthplace of Country Music"Bristol
60%
Named after a shrub with heart-shaped leavesGalax
60%
Named for the first "battle" of the American RevolutionLexington
60%
"Beautiful view" in SpanishBuena Vista
50%
Named for the inventor of the lightning rodFranklin
50%
Similar to #14, but with an added wordManassas Park
50%
Its name is an Algonquin term that means "Great Marsh"Poquoson
50%
Home to a university of the same nameRadford
50%
Named after a city in KansasEmporia
40%
Named after a historic Episcopal churchFalls Church
40%
Named after King George III's fatherFredericksburg
40%
Named after a general in the Revolutionary WarMartinsville
40%
John McAfee was raised hereSalem
40%
Birthplace of President Woodrow WilsonStaunton
40%
Named after a Revolutionary War action in which the Marquis de Lafayette took partColonial Heights
30%
Renamed in 1794 after a famous Revolutionary War GeneralWaynesboro
30%
Namesake of a large city on the Ohio River in KentuckyCovington
20%
Site of an odious paper mill; also the site of Ulysses Grant's headquarters during the campaign for #16Hopewell
20%
Located on the Wilderness Trail blazed by Daniel BooneNorton
20%

Score Distribution

Percentile by Number Answered

Percent of People with Each Score

Your Score History

You have not taken this quiz